Every McLaren Ever - Statistics

General Stats
  • This quiz has been taken 57 times
  • The average score is 20 of 38
Answer Stats
Answer % Correct
P1
95%
720S
92%
F1
92%
Senna
90%
765LT
79%
P1 GT
79%
650S
77%
Artura
77%
Senna GTR
77%
570S
72%
F1 GT
72%
GT
69%
675LT
67%
P1 GTR
64%
750S
62%
Speedtail
62%
600LT
59%
12C
56%
Elva
51%
570GT
49%
F1 LM
49%
620R
44%
Solus GT
41%
540C
38%
600LT Spider
38%
765LT Spider
38%
P1 LM
38%
570S Spider
33%
675LT Spider
33%
720S Spider
33%
750S Spider
33%
Sabre
33%
650S Spider
31%
M6GT
31%
12C Spider
28%
625C
23%
720S Le Mans
13%
720S MSO Apex
13%
No matching quizzes found
Score Distribution
Percent of People with Each Score
Percentile by Number Answered
Your Score History
You have not taken this quiz